[Event "Club Championships, C Grade"]
[Site "Wellington Chess Club"]
[Date "2018.10.25"]
[Round "6.3.9"]
[White "Kierstead, James"]
[Black "Langford, Josh"]
[Result "0-1"]
[WhiteElo "1317"]
[BlackElo "1291"]

1. c4 e5 2. Nc3 Bb4 3. Qc2 Nf6 4. d3 d5 5. Bd2 Bxc3 6. Bxc3 d4 7. Bd2 c5 8. Nf3
Nc6 9. g3 Bf5 10. Bg2 e4 11. Nh4 exd3 12. exd3 Qe7+ 13. Be4 Bxe4 14. dxe4 Nxe4
15. O-O-O O-O 16. Bf4 f5 17. f3 Nb4 18. Qe2 Nxa2+ 19. Kc2 d3+ 20. Kxd3 Nb4+ 21.
Ke3 Nc3+ 22. Kd2 Qxe2+ 23. Kxc3 Qc2# 0-1

[Event "Club Championships, C Grade"]
[Site "Wellington Chess Club"]
[Date "2018.11.01"]
[Round "7.3.1"]
[White "Hall, Nathan"]
[Black "He, Caleb"]
[Result "0-1"]
[WhiteElo "1863"]
[BlackElo "1823"]

1. e4 c5 2. Nc3 Nc6 3. Bb5 g6 4. Nf3 Bg7 5. O-O d6 6. Re1 e6 7. d3 Ne7 8. Bg5
O-O 9. Bxc6 bxc6 10. Qd2 Qc7 11. Ne2 Ba6 12. Ng3 Rfe8 13. h4 h5 14. Bh6 Bxb2
15. Rab1 Bg7 16. Bxg7 Kxg7 17. Qg5 Rh8 18. e5 d5 19. Qf6+ Kg8 20. Ng5 Nc8 21.
Nxe6 fxe6 22. Qxe6+ Kh7 23. f4 Nb6 24. f5 Rag8 25. fxg6+ Rxg6 26. Qf5 Bc8 27.
Qxh5+ Kg7 28. Nf5+ Bxf5 29. Qxf5 Rxh4 30. Rf1 Qe7 31. Rbe1 Rh8 32. Rf3 Rh1+ 33.
Kxh1 Qh4+ 34. Kg1 Qxe1+ 35. Kh2 Rh6+ 36. Rh3 Rxh3+ 37. Kxh3 Qe3+ 38. Kg4 Qh6
39. Kf3 d4 40. g3 Qh1+ 41. Kg4 Qd1+ 42. Kg5 Qd2+ 43. Qf4 Qxf4+ 44. gxf4 Kf7 45.
Kf5 Nd5 46. a3 Ne3+ 47. Ke4 Nxc2 48. a4 a5 49. f5 Ne3 50. f6 Ke6 51. Kf3 Nd5
52. Ke2 Nc3+ 53. Kd2 Nxa4 54. Kc2 Nb6 55. Kb2 Nd7 56. Kb3 Nxe5 0-1

[Event "Club Championships, C Grade"]
[Site "Wellington Chess Club"]
[Date "2018.11.01"]
[Round "7.3.3"]
[White "Farrington, Lawrence"]
[Black "Stoeveken, Peter"]
[Result "1/2-1/2"]
[WhiteElo "1763"]
[BlackElo "1822"]

1. e4 c5 2. c3 Nc6 3. Nf3 e6 4. d4 Qb6 5. Be2 Nf6 6. Qd3 cxd4 7. cxd4 Nb4 8.
Qc4 Nxe4 9. O-O d5 10. Qb3 Qc7 11. Nc3 Nxc3 12. bxc3 Nc6 13. Be3 Bd6 14. Rab1
Rb8 15. Qc2 Bd7 16. Bd3 h6 17. Qd2 Ne7 18. Rfc1 O-O 19. Bxh6 gxh6 20. Qxh6 f5
21. Ng5 Rf7 22. g3 Rg7 23. Nxe6 Bxe6 24. Qxe6+ Rf7 25. c4 Qc6 26. cxd5 Qxd5 27.
Qxd5 Nxd5 28. Bc4 Nb6 29. Be6 Kg7 30. Bxf7 Kxf7 31. f4 Nd5 32. Rb5 Ne7 33. a4
b6 34. a5 bxa5 35. Rxa5 Rb4 36. Rxa7 Rxd4 37. Kg2 Kg6 38. Ra6 Kf7 39. Rb1 Rb4
40. Rxb4 Bxb4 41. h4 Nd5 42. Ra4 Be7 43. Ra5 Ke6 44. Ra6+ Kf7 45. Ra7 Ke6 46.
Ra6+ Kf7 47. Ra5 Ke6 48. Ra6+ 1/2-1/2

[Event "Club Championships, C Grade"]
[Site "Wellington Chess Club"]
[Date "2018.11.01"]
[Round "7.3.4"]
[White "Hurndell, Robert"]
[Black "Kierstead, James"]
[Result "1-0"]
[WhiteElo "1551"]
[BlackElo "1317"]

1. Nf3 a6 2. g3 e6 3. Bg2 Nf6 4. c3 Nc6 5. d4 d5 6. O-O Be7 7. Nbd2 O-O 8. Re1
Na7 9. e4 c5 10. e5 Nd7 11. Qc2 b5 12. b3 c4 13. bxc4 bxc4 14. Rb1 Nb5 15. a4
Na3 16. Bxa3 Bxa3 17. h4 Nb6 18. Ng5 g6 19. Rxb6 Qxb6 20. Nxc4 dxc4 21. Bxa8
Bb7 22. Bxb7 Qxb7 23. Qa2 Qb3 24. Qxb3 cxb3 25. Rb1 b2 26. Ne4 Rc8 27. Kf1 Rc4
28. a5 Ra4 29. Nd2 Kg7 30. Ke2 f6 31. exf6+ Kxf6 32. Kd3 Rxa5 33. Nc4 Ra4 34.
Nxa3 Rxa3 35. Rxb2 Ra4 36. Rc2 a5 37. c4 Ra1 38. c5 Ke7 39. c6 Kd8 40. c7+ Kc8
41. Ke4 a4 42. Ke5 Re1+ 43. Kd6 a3 44. Ra2 Rd1 45. Rxa3 Rxd4+ 46. Kxe6 Rd7 47.
Ra8+ Kxc7 48. Ra7+ Kc6 49. Rxd7 1-0

[Event "Club Championships, C Grade"]
[Site "Wellington Chess Club"]
[Date "2018.11.01"]
[Round "7.3.5"]
[White "Frater, Dylan"]
[Black "Ashe, Michael"]
[Result "1/2-1/2"]
[WhiteElo "1509"]
[BlackElo "1623"]

1. d4 e6 2. c4 Bb4+ 3. Bd2 Bxd2+ 4. Qxd2 Nf6 5. Nc3 O-O 6. e4 d5 7. Bd3 dxe4 8.
Bxe4 Nxe4 9. Nxe4 Nd7 10. Nf3 Qe7 11. O-O c5 12. Rfe1 b6 13. Qc2 Bb7 14. Rad1
Bxe4 15. Qxe4 Nf6 16. Qc2 Qc7 17. b3 Rfd8 18. h3 h6 19. dxc5 Qxc5 20. Rxd8+
Rxd8 21. Ne5 Qc7 22. Nf3 a5 23. Rd1 Rxd1+ 24. Qxd1 Qc5 25. Qd4 Qb4 26. Qd8+ Qf8
27. Qxf8+ Kxf8 1/2-1/2

[Event "Club Championships, C Grade"]
[Site "Wellington Chess Club"]
[Date "2018.11.01"]
[Round "7.3.6"]
[White "Langford, Josh"]
[Black "Darr, Samuel"]
[Result "0-1"]
[WhiteElo "1291"]
[BlackElo "1481"]

1. e4 e6 2. Nf3 d5 3. Nc3 Bb4 4. e5 Ne7 5. a3 Ba5 6. Bd3 Nbc6 7. O-O a6 8. Re1
O-O 9. Bxh7+ Kxh7 10. Ng5+ Kg6 11. Qg4 f5 12. exf6 Kxf6 13. Rxe6+ Bxe6 14.
Qxe6+ Kxg5 15. d4+ Kh5 16. Ne2 Qc8 17. Nf4+ Rxf4 0-1

[Event "Club Championships, C Grade"]
[Site "Wellington Chess Club"]
[Date "2018.11.01"]
[Round "7.3.7"]
[White "He, Paul"]
[Black "Wevers, Alexis"]
[Result "1-0"]
[WhiteElo "1507"]
[BlackElo "1795"]

1. c4 Nf6 2. Nc3 e5 3. d3 d5 4. cxd5 Nxd5 5. Nf3 Nc6 6. Qa4 Bb4 7. Bd2 Nb6 8.
Qd1 Bf5 9. a3 Bxc3 10. Bxc3 f6 11. Nh4 Be6 12. g3 Bd5 13. Bg2 Bxg2 14. Nxg2 Qd5
15. O-O O-O-O 16. Ne3 Qe6 17. Qc2 h5 18. Rac1 h4 19. b4 hxg3 20. fxg3 Rd7 21.
Nf5 g6 22. Nh4 Rdh7 23. Rf2 Nd5 24. Qb3 Rxh4 25. gxh4 Rxh4 26. Rg2 Rg4 27. Rb1
Rxg2+ 28. Kxg2 Qg4+ 29. Kf1 Nf4 30. Qb2 Qg2+ 31. Ke1 Qxh2 32. Kd1 g5 33. b5 Ne7
34. Bb4 Ned5 35. Qd2 g4 36. Bc5 Qh6 37. Be3 Qh1+ 38. Kc2 Nxe3+ 39. Qxe3 Qd5 40.
Rb2 Ng2 41. Qf2 f5 42. e4 fxe4 43. Qxg2 exd3+ 44. Kd1 Qxg2 45. Rxg2 e4 46. Rxg4
e3 47. Rg3 c5 48. bxc6 Kc7 49. Rxe3 Kxc6 50. Rxd3 a5 51. Kc2 Kc5 52. Kc3 b5 53.
Rd4 Kc6 54. a4 Kc5 55. axb5 Kxb5 56. Rd5+ Ka4 57. Rc5 1-0

[Event "Club Championships, C Grade"]
[Site "Wellington Chess Club"]
[Date "2018.11.01"]
[Round "7.3.8"]
[White "Stracy, Don"]
[Black "Stannard, Lars"]
[Result "1-0"]
[WhiteElo "1649"]
[BlackElo "1409"]

1. e4 e5 2. Nf3 Nc6 3. Bb5 d6 4. d4 Bd7 5. O-O exd4 6. Nxd4 Nxd4 7. Bxd7+ Qxd7
8. Qxd4 c5 9. Qd3 g6 10. Nc3 Bg7 11. Bf4 Bd4 12. Rad1 Ne7 13. Nb5 O-O 14. Nxd4
cxd4 15. Qxd4 Nc6 16. Qxd6 Qxd6 17. Bxd6 Rfe8 18. f3 Re6 19. Ba3 b5 20. b3 Rc8
21. Rd5 Re5 22. Bb2 f6 23. Rc1 a6 24. Bxe5 fxe5 25. Kf2 h6 26. Ke2 Kf7 27. c4
Kf6 28. b4 Rd8 29. Kd3 Ke6 30. Rc2 Kf6 31. Rc3 {these moves look wrong} 1-0

[Event "Club Championships, C Grade"]
[Site "Wellington Chess Club"]
[Date "2018.11.08"]
[Round "8.3.1"]
[White "Farrington, Lawrence"]
[Black "Hall, Nathan"]
[Result "0-1"]
[WhiteElo "1763"]
[BlackElo "1863"]

1. e4 e6 2. d4 d5 3. Nc3 Nf6 4. Bg5 Be7 5. e5 Nfd7 6. Bxe7 Qxe7 7. Nf3 a6 {
[%cal Gc3b5,Gb5d6,Gc7c5] } 8. Bd3 c5 9. dxc5 Nxc5 10. O-O Nc6 { Surprised that
Lawrence was willing to give up his good bishop. } 11. Re1 Bd7 12. a3 b5 13.
Na2 $6 O-O 14. c3 { Felt that this move weakened his light squares so the
knight bishop imbalance was the best was to push for an advantage. As this
bishop was also his main attacking piece my king felt much safer.   [%csl
Gc2,Gb3,Gc4,Gd3] } 14... Nxd3 15. Qxd3 Na5 { Immediately going for an outpost.
Inducing b3 or b4 was in my interests to make c3 a weakeness. } 16. Nd2 $6 {
This setup seemed too passive. } 16... f6 { Considered many moves at this point
however decided to try play on both sides of the board. }  (16... Nc4 { Was
wary of going into bishop vs knight, as there were some nice squares for the
knight and could backfire. However positionally I think this was reasonable. }
17. Nxc4 bxc4 18. Qd2 { [%csl Gd4][%cal Ga2b4,Gb4c2,Gc2d4] } ) 17. f4 { I was
relieved to see this move. Positionally this makes many problems for white.
With 17. exf this swaps f file pressure for e file pressure however now I got
the f file pressure for free. }  (17. exf6 Qxf6 { [%csl Ge6,Gf2][%cal
Gf6f2,Gf8f2,Ge1e6] } 18. Nf3 (18. Qe3 Nc4 19. Nxc4)  (18. Re2 Nc4 19. Nf3 {
[%csl Ge6][%cal Ga1e1,Ge1e6] } ) 18... Nc4 19. b3 Nd6) 17... fxe5 18. fxe5 {
[%csl Gf8] } 18... Be8 (18... Rf5) 19. Qe3 Bg6 20. Nb4 Nc4 21. Nxc4 bxc4 22.
Re2 Qb7 { Aiming for a5   [%cal Ga6a5] } 23. Rae1 { couldn't see when the e
file would open, so was comfortable here. However was keeping and eye out for
nxd4 shots. }  (23. h3 a5 24. Na2 (24. Nc2 Qxb2 25. Rc1 Bd3) 24... Qb3 25. Nc1
Qd1+)  (23. Qc5 { [%cal Gb4c6] } 23... a5 24. Nc6 Bd3 25. Rd2 Qf7 26. h3) 23...
Rf7 24. Rd2 Raf8 25. Qc5 (25. Nxd5 exd5 26. e6 { [%cal Gf7e7] } 26... Re7 {
Plenty of blockaders ready. } ) 25... Qb8 { Threatening qxe4 rxe4 rf1# }  (
25... a5 { A very clever move I didn't spot during the game. I was willing to
gambit the a pawn, as I did. But misplacing the queen on the a7-g2 diagonal is
more important that displacing the knight. } 26. Qxa5 { [%cal Ga7g1] }  (26.
Nxd5 exd5 27. e6 Rf5) 26... Qe7 27. Qb6 Qg5 28. Qd4 Rf4 29. Qb6 Qxe5) 26. h3 (
26. Qd6 Qa7+ { Was planning this check, and infiltration on the 7th however
whites queen is annoyingly placed. Underestimated this option for white. } )
26... Qd8 27. Nxa6 { Too greedy. } 27... Qg5 (27... Qh4 { Was weighing both
these options up however thought qg5 left be4 as an option in the future. } 28.
Red1 (28. Qe3 Rf3 29. gxf3 Rxf3 30. Qxf3 Qxe1+ 31. Qf1 Qxd2) ) 28. Qd4 (28. Qe3
{ didn't realise this option was available. } 28... Rf1+ 29. Rxf1 (29. Kh2 {
Party pooper... I was a aware of this tactic for quite a while but didn't
notice that h3 stopped it. } ) 29... Qxe3+ 30. Rff2 Qe1+ 31. Kh2 Rxf2 32. Rxf2
Qxf2) 28... Qg3 29. Red1 (29. Rde2 Bd3 30. Qg4 Qxg4 31. hxg4 Bxe2 32. Rxe2 {
[%csl Gf7] } 32... Rf1+ 33. Kh2) 29... Bd3 30. Rxd3 cxd3 { Rf2 is now a major
problem.   [%cal Gf7f2] } 31. Nc5 (31. Rxd3 Rf1#)  (31. Qxd3 Qxe5 (31... Rf1+
32. Qxf1 Qe3+ 33. Kh1 Rxf1+ 34. Rxf1) ) 31... Rf2 { Here White resigned. } 0-1

[Event "Club Championships, C Grade"]
[Site "Wellington Chess Club"]
[Date "2018.11.08"]
[Round "8.3.3"]
[White "Dixon, Hamish"]
[Black "He, Paul"]
[Result "0-1"]
[WhiteElo "1701"]
[BlackElo "1507"]

1. e4 c5 2. Nf3 Nc6 3. d4 cxd4 4. Nxd4 Nf6 5. Nc3 d6 6. Bg5 Nxe4 7. Nxe4 Qa5+
8. c3 Qe5 9. Nxc6 Qxe4+ 10. Qe2 Qxe2+ 11. Bxe2 bxc6 12. O-O g6 13. Bf3 Bd7 14.
Rfe1 e6 15. Bf6 Rg8 16. Re4 d5 17. Rh4 h5 18. c4 Be7 19. Bxe7 Kxe7 20. cxd5
exd5 21. Re1+ Kd6 22. Rb4 Rgb8 23. Rxb8 Rxb8 24. b3 Re8 25. Kf1 c5 26. Rxe8
Bxe8 27. Ke2 c4 28. bxc4 dxc4 29. Kd2 Bc6 30. Bxc6 Kxc6 31. Kc3 Kb5 32. a3 Ka4
33. Kxc4 Kxa3 34. f3 a5 35. f4 a4 36. Kc3 h4 37. g3 hxg3 38. hxg3 f5 39. Kc4
Kb2 0-1

[Event "Club Championships, C Grade"]
[Site "Wellington Chess Club"]
[Date "2018.11.08"]
[Round "8.3.4"]
[White "Stoeveken, Peter"]
[Black "Ashe, Michael"]
[Result "1-0"]
[WhiteElo "1822"]
[BlackElo "1623"]

1. d4 e6 2. e4 d5 3. e5 c5 4. Nf3 Nc6 5. c3 Qb6 6. Be2 f6 7. O-O cxd4 8. cxd4
fxe5 9. dxe5 Bc5 10. Nc3 a6 11. Na4 Qa7 12. Nxc5 Qxc5 13. Bd3 Nge7 14. Be3 Qa5
15. a3 O-O 16. Qc2 h6 17. Rae1 Rxf3 18. gxf3 Nxe5 19. Be2 Nf5 20. Bf4 Nc6 21.
Be3 Bd7 22. Kh1 Rf8 23. Rg1 Nfd4 24. Bxd4 Nxd4 25. Qg6 Nf5 26. Bd3 Rf6 27. Qxf6
1-0

[Event "Club Championships, C Grade"]
[Site "Wellington Chess Club"]
[Date "2018.11.08"]
[Round "8.3.5"]
[White "Langford, Josh"]
[Black "Stracy, Don"]
[Result "0-1"]
[WhiteElo "1291"]
[BlackElo "1649"]

1. e4 c5 2. Nf3 e6 3. d4 cxd4 4. Nxd4 Nf6 5. Nc3 Nc6 6. Bc4 Bb4 7. Nxc6 bxc6 8.
e5 Ne4 9. Bd2 Nxf2 10. Kxf2 Qh4+ 11. g3 Qxc4 12. Qe2 Qxe2+ 13. Kxe2 Ba6+ 14.
Kf2 O-O 15. a3 Be7 16. Be3 f6 17. exf6 Bxf6 18. Kg2 d5 19. Bc5 Rf7 20. Rhe1 e5
21. Nd1 e4 22. Rb1 Re8 23. Ne3 Bc8 24. c4 d4 25. Nc2 Rd7 26. Nb4 Re6 27. Nd3 e3
28. Nf4 Re8 29. Nd3 Be7 30. Bxe7 Rexe7 31. Rbd1 c5 32. Nf4 Bb7+ 33. Kg1 Bf3 34.
Rd3 Be4 35. Rb3 Kf7 36. Nd3 Bxd3 37. Rxd3 Rb7 38. b3 Re6 39. Rb1 Reb6 40. Kf1
a5 41. a4 Rb4 0-1

[Event "Club Championships, C Grade"]
[Site "Wellington Chess Club"]
[Date "2018.11.08"]
[Round "8.3.6"]
[White "Asher, Bruce"]
[Black "Stannard, Bobby"]
[Result "0-1"]
[WhiteElo "1256"]
[BlackElo "1298"]

1. e4 e6 2. Nf3 d5 3. exd5 exd5 4. d4 c5 5. Nc3 Nf6 6. Bb5+ Nc6 7. O-O Bg4 8.
b3 cxd4 9. Qxd4 Bxf3 10. Qe3+ Be4 11. f3 d4 12. Qf4 dxc3 13. fxe4 Qb6+ 14. Be3
Qxb5 15. Rad1 Be7 16. a4 Qe5 17. Qf3 Qxe4 18. Qh3 O-O 19. Rf2 Rad8 20. Re1 Ng4
21. Rf4 Qxc2 22. Rxg4 Qxb3 23. Qg3 Bf6 24. Bh6 g6 25. Bxf8 Kxf8 26. Qf3 Ne5 27.
Qxf6 Rd5 28. Qh8+ Ke7 29. Rxe5+ Rxe5 30. Qxe5+ Kf8 31. Qh8+ Ke7 32. Re4+ Kd7
33. Qe8+ Kd6 34. Qd8+ Kc6 35. Qe8+ Kb6 36. Qd8+ Kc6 37. Rd4 Qb1+ 38. Rd1 Qb4
39. Qc8+ Kb6 40. Rd5 Qb1+ 41. Kf2 Qa2+ 42. Ke3 Qxd5 43. Qxc3 Qc5+ 44. Kd3 Qxc3+
45. Kxc3 Kc5 46. Kb3 b5 47. a5 a6 48. Kc3 b4+ 49. Kb3 Kb5 50. g3 Kxa5 51. h3
Kb5 52. g4 a5 53. h4 a4+ 0-1

[Event "Club Championships, C Grade"]
[Site "Wellington Chess Club"]
[Date "2018.11.08"]
[Round "8.3.7"]
[White "Stannard, Lars"]
[Black "Brockway, Andrew"]
[Result "0-1"]
[WhiteElo "1409"]
[BlackElo "1867"]

1. g3 e5 2. c4 Nc6 3. Bg2 f5 4. e3 Nf6 5. Ne2 g6 6. Nbc3 Bg7 7. d3 O-O 8. O-O
d6 9. e4 Bd7 10. exf5 Bxf5 11. a3 Qd7 12. Ne4 Nxe4 13. dxe4 Be6 14. b3 Rab8 15.
Be3 b6 16. Qd2 a5 17. Nc3 Nd4 18. Rab1 Nf3+ 19. Bxf3 Rxf3 20. Kh1 Bg4 21. Ne2
Rbf8 22. Ng1 Qf7 23. Qd5 Qxd5 24. cxd5 R3f7 25. h3 Bc8 26. Kg2 Ba6 27. Rfe1 Bd3
28. Rbc1 Bxe4+ 29. f3 Bxd5 30. b4 axb4 31. axb4 Bxf3+ 32. Nxf3 Rxf3 33. Rxc7 b5
34. Rb7 R3f7 35. Rxb5 Rc8 36. h4 h5 37. Re2 Rfc7 38. Rd5 Bf8 39. b5 Rb7 40. Kf2
Kf7 41. Red2 Ke6 42. b6 Be7 43. Kf3 Rc3 44. Ke2 Rb3 45. Kf3 R7xb6 46. Ke2 Rb7
47. Kf2 Rb2 48. Kf3 Rxd2 49. Rxd2 d5 50. Ra2 Kf5 51. Kg2 d4 52. Rf2+ Ke4 53.
Bc1 Rb6 54. Re2+ Kd5 55. Kf3 Rb3+ 56. Kg2 d3 57. Ra2 Bc5 58. Bg5 e4 59. Rd2 Rc3
60. Kh3 Rc2 61. g4 hxg4+ 62. Kxg4 Rxd2 63. Bxd2 e3 0-1

[Event "Club Championships, C Grade"]
[Site "Wellington Chess Club"]
[Date "2018.11.15"]
[Round "9.3.1"]
[White "Hall, Nathan"]
[Black "Hurndell, Robert"]
[Result "1-0"]
[WhiteElo "1863"]
[BlackElo "1551"]

1. d4 Nf6 2. Bf4 g6 3. c4 Bg7 4. Nc3 d6 5. e4 O-O 6. Be2 Nbd7 7. h4 e5 8. dxe5
Nxe5 9. h5 Bg4 10. hxg6 fxg6 11. Bxe5 Bxe2 12. Bxf6 Qxf6 13. Qxe2 Qg5 14. f3 c6
15. Nh3 Qg3+ 16. Qf2 Qe5 17. Rd1 b6 18. Qd2 Qg3+ 19. Kf1 Rad8 20. Ng5 Qe5 21.
Nxh7 Rf7 22. Ng5 Rf6 23. Nh3 Rdf8 24. Nf2 Qe6 25. Qd3 g5 26. e5 dxe5 27. Qh7+
Kf7 28. Nce4 Rh8 29. Nxg5+ 1-0

[Event "Club Championships, C Grade"]
[Site "Wellington Chess Club"]
[Date "2018.11.15"]
[Round "9.3.3"]
[White "He, Caleb"]
[Black "Stoeveken, Peter"]
[Result "0-1"]
[WhiteElo "1823"]
[BlackElo "1822"]

1. e4 c5 2. Nf3 d6 3. d4 cxd4 4. Qxd4 a6 5. c4 Nc6 6. Qd1 Nf6 7. Nc3 g6 8. a3
Bg4 9. h3 Bxf3 10. Qxf3 Bg7 11. Qd1 Rc8 12. Rb1 O-O 13. Be2 Ne5 14. b3 b5 15.
cxb5 Rxc3 16. bxa6 Nxe4 17. Bb2 Qb6 18. O-O Nc6 19. b4 Bd4 20. Qe1 Rb3 21. Bxd4
Nxd4 22. Rxb3 Nxb3 23. Bd3 Ned2 24. Qxe7 Nxf1 25. Kxf1 Qc6 26. Kg1 Re8 27. Qg5
Re5 28. Qd8+ Kg7 29. a7 Qc1+ 30. Kh2 Qf4+ 31. Kg1 Re1+ 32. Bf1 Nd2 0-1

[Event "Club Championships, C Grade"]
[Site "Wellington Chess Club"]
[Date "2018.11.15"]
[Round "9.3.4"]
[White "Stannard, Bobby"]
[Black "Dixon, Hamish"]
[Result "0-1"]
[WhiteElo "1298"]
[BlackElo "1701"]

1. e4 c5 2. Nf3 Nc6 3. c3 d6 4. h3 Nf6 5. Qc2 e6 6. Bb5 a6 7. Qa4 Bd7 8. Be2 b5
9. Qc2 Qb6 10. O-O Be7 11. Rd1 O-O 12. d4 cxd4 13. cxd4 Rac8 14. Qd3 Nb4 15.
Qd2 Nc2 16. Bd3 Nxa1 17. Nc3 b4 18. Ne2 b3 19. a3 Nc2 20. Bxc2 bxc2 21. Rf1
Nxe4 22. Qd3 d5 23. Ne5 Bb5 24. Qb3 Qa7 25. Re1 Rc7 26. Nc3 Nxc3 27. bxc3 Rfc8
28. Bb2 f6 29. Nf3 Bd3 30. Re3 Be4 31. Nd2 Rb8 32. Qa2 Rcb7 0-1

[Event "Club Championships, C Grade"]
[Site "Wellington Chess Club"]
[Date "2018.11.15"]
[Round "9.3.5"]
[White "Darr, Samuel"]
[Black "Farrington, Lawrence"]
[Result "0-1"]
[WhiteElo "1481"]
[BlackElo "1763"]

1. e4 e6 2. d4 d5 3. e5 c5 4. c3 Qb6 5. Nf3 Nc6 6. Bd3 Bd7 7. Be2 Nge7 8. dxc5
Qxc5 9. Be3 Qa5 10. Qb3 Qc7 11. Bb5 Nf5 12. Bd4 Nfxd4 13. cxd4 a6 14. Bxc6 Bxc6
15. O-O Be7 16. Nbd2 O-O 17. Rac1 Qd7 18. Qc2 Rac8 19. Qd1 Bb5 20. Re1 Rxc1 21.
Qxc1 Rc8 22. Qb1 h6 23. Rc1 Rc7 24. Rc3 Bb4 25. Rc2 Qc8 26. Rxc7 Qxc7 27. a3
Be7 28. Nb3 Be2 29. Nfd2 Bh5 30. Qc1 Qxc1+ 31. Nxc1 Bg5 32. Ncb3 Bd1 33. g3 b6
34. f4 Be7 35. Kf2 Bc2 36. Nc1 a5 37. Ne2 Ba4 38. Nc3 Bd7 39. Ke3 a4 40. Kd3 b5
41. Kc2 b4 42. axb4 Bxb4 43. Ndb1 Ba5 44. b3 axb3+ 45. Kxb3 Bb6 46. Ne2 Bb5 47.
Nbc3 Bd3 48. Kb4 Kf8 49. Nc1 Bc4 50. N1e2 Ke8 51. Nc1 Kd7 52. N1e2 Kc6 53. Ka4
Kb7 54. Kb4 Kc6 55. Ka4 Bd3 56. Kb4 Ba7 57. Ka5 Bb6+ 58. Kb4 Bd8 59. Nc1 Bc4
60. N1e2 Be7+ 61. Ka4 Bd3 62. Ka5 g5 63. Ka4 gxf4 64. Nxf4 Bc2+ 65. Ka5 Bd8+
66. Kb4 Bb6 67. Nb5 Bg6 68. Nxg6 fxg6 69. h3 h5 70. h4 Bd8 71. Na7+ Kb7 72. Nb5
Be7+ 73. Ka5 Kc6 74. Na7+ Kd7 75. Kb6 Bb4 76. Nc6 Be1 77. Nb8+ Ke8 78. Kc6 Bxg3
79. Nd7 Ke7 80. Nb6 Bxh4 81. Nc8+ Kd8 82. Nd6 Be7 83. Nf7+ Ke8 84. Nd6+ Bxd6
85. exd6 Kd8 86. d7 h4 0-1

[Event "Club Championships, C Grade"]
[Site "Wellington Chess Club"]
[Date "2018.11.15"]
[Round "9.3.6"]
[White "Stracy, Don"]
[Black "Frater, Dylan"]
[Result "1-0"]
[WhiteElo "1649"]
[BlackElo "1509"]

1. e4 e5 2. Nf3 Nc6 3. Bb5 d6 4. d4 Bd7 5. O-O a6 6. Ba4 b5 7. Bb3 Nf6 8. Re1
Be7 9. c3 Qc8 10. Nbd2 O-O 11. Nf1 Bd8 12. Ng3 Ne7 13. dxe5 dxe5 14. Nxe5 Nc6
15. Nxd7 Nxd7 16. f4 Be7 17. Be3 Rd8 18. Qf3 Nc5 19. Bd5 Qd7 20. Rad1 Qe8 21.
Nf5 Bf8 22. Qg4 g6 23. Ng3 Rab8 24. f5 Ne5 25. Qe2 c6 26. Bb3 Nxb3 27. axb3
Rxd1 28. Rxd1 Rd8 29. Kf1 Rd7 30. Bg5 Rxd1+ 31. Qxd1 Bc5 32. h3 h5 33. Bf6 a5
34. Nxh5 gxh5 35. Qxh5 Ng6 36. fxg6 fxg6 37. Qh8+ Kf7 38. Qxe8+ Kxe8 39. Ke2
Kf7 40. Bd8 Ke6 41. Bxa5 Ke5 42. Kf3 Bd6 43. Bb6 Ke6 44. g4 1-0

[Event "Club Championships, C Grade"]
[Site "Wellington Chess Club"]
[Date "2018.11.15"]
[Round "9.3.7"]
[White "Brockway, Andrew"]
[Black "Carroll, Lewis"]
[Result "1-0"]
[WhiteElo "1867"]
[BlackElo "1190"]

1. e4 c5 2. Nc3 Nc6 3. Bb5 g6 4. Bxc6 dxc6 5. f4 Bg7 6. Nf3 Nf6 7. O-O Nd7 8.
d3 e5 9. Qe1 O-O 10. Qg3 f5 11. fxe5 Qe7 12. Bf4 fxe4 13. Nxe4 Re8 14. Nd6 Nxe5
15. Nxe8 Nxf3+ 16. Qxf3 Qxe8 17. Rae1 Qd8 18. Be3 Be6 19. Bxc5 Bxa2 20. b3 Qa5
21. Qf7+ 1-0

[Event "Club Championships, C Grade"]
[Site "Wellington Chess Club"]
[Date "2018.11.15"]
[Round "9.3.8"]
[White "Kierstead, James"]
[Black "Asher, Bruce"]
[Result "1-0"]
[WhiteElo "1317"]
[BlackElo "1256"]

1. e4 e5 2. Nf3 Nc6 3. Bc4 Nf6 4. d3 Bc5 5. Bg5 O-O 6. O-O d6 7. h3 Nd4 8. Nxd4
Bxd4 9. Nc3 c6 10. Be3 Qb6 11. Na4 Qd8 12. Bxd4 exd4 13. e5 dxe5 14. Nc5 b5 15.
Bb3 Qe7 16. Ne4 a5 17. a4 Ba6 18. f4 b4 19. fxe5 Qxe5 20. Nxf6+ gxf6 21. Qg4+
Kh8 22. Rae1 Bc8 23. Qf4 Qxf4 24. Rxf4 Rg8 25. Kf2 Bd7 26. Rxd4 Rad8 27. Bxf7
Rgf8 28. Bb3 c5 29. Rd5 f5 30. Rxc5 Ra8 31. Bd5 Ra6 32. Re7 Bxa4 33. b3 Be8 34.
Rc8 f4 35. Rcxe8 1-0

[Event "Summer Cup"]
[Site "Wellington Chess Club"]
[Date "2019.02.07"]
[Round "1.1"]
[White "Farrington, Lawrence"]
[Black "Ker, Anthony"]
[Result "0-1"]
[WhiteElo "1755"]
[BlackElo "2475"]

1. e4 c5 2. Nf3 g6 3. Nc3 Bg7 4. g3 Nc6 5. Bg2 e6 6. d3 Nge7 7. Bg5 h6 8. Be3
Nd4 9. O-O O-O 10. Rb1 Nec6 11. a3 f5 12. exf5 gxf5 13. Nh4 Qf6 14. f4 Rb8 15.
Ne2 b6 16. Nf3 Bb7 17. Bd2 Rbc8 18. Bc3 Rc7 19. Kh1 Qf7 20. Bd2 a5 21. c3 Nxe2
22. Qxe2 Ba6 23. c4 b5 24. b3 Rb8 25. Qf2 Rcb7 26. Rfc1 bxc4 27. dxc4 Rxb3 28.
Qe1 a4 29. Ne5 Nxe5 30. fxe5 Qh5 31. Rxb3 Rxb3 32. Bf4 Rb2 33. Qg1 Qe2 34. Rd1
Bxc4 35. Rxd7 Bd3 36. Rd8+ Kh7 37. Rd6 Be4 38. Rd2 Bxg2+ 0-1

[Event "Summer Cup"]
[Site "Wellington Chess Club"]
[Date "2019.02.07"]
[Round "1.2"]
[White "Dive, Russell"]
[Black "He, Paul"]
[Result "1-0"]
[WhiteElo "2433"]
[BlackElo "1687"]

1. c4 Nf6 2. g3 c5 3. Bg2 Nc6 4. Nc3 g6 5. Nh3 Bg7 6. Nf4 O-O 7. O-O Rb8 8. e3
b6 9. d4 Na5 10. Qd3 Ba6 11. b3 Rc8 12. Rd1 e6 13. d5 exd5 14. Nfxd5 Nxd5 15.
Bxd5 b5 16. cxb5 c4 17. bxc4 Bxb5 18. Nxb5 Bxa1 19. Ba3 a6 20. Rxa1 axb5 21.
cxb5 Qf6 22. Qd1 Rfe8 23. Bb4 Nc4 24. Rb1 Nb6 25. Bb3 Qf5 26. a4 Qe4 27. Be1
Re5 28. a5 Nd5 29. b6 Nc3 30. Bxc3 Rxc3 31. b7 Re8 32. a6 Kg7 33. Bd5 1-0

[Event "Summer Cup"]
[Site "Wellington Chess Club"]
[Date "2019.02.07"]
[Round "1.3"]
[White "Stracy, Don"]
[Black "Wastney, Scott"]
[Result "0-1"]
[WhiteElo "1632"]
[BlackElo "2396"]

1. e4 e5 2. Nf3 Nc6 3. Bb5 Nd4 4. Nxd4 exd4 5. O-O Bc5 6. c3 c6 7. Bc4 Nf6 8.
Qe2 O-O 9. d3 d5 10. Bb3 Bg4 11. Qe1 Re8 12. cxd4 Bxd4 13. Nc3 h6 14. Be3 dxe4
15. dxe4 Nxe4 16. Nxe4 Rxe4 17. Qb4 c5 18. Qxb7 Re7 19. Qb5 Rb8 20. Qd3 Rb6 21.
Bxd4 cxd4 22. Rfe1 Rd6 23. Kf1 g6 24. Rxe7 Qxe7 25. Re1 Qf6 26. Qg3 Bf5 27. Qe5
Bd3+ 28. Kg1 Kg7 29. f4 Bf5 30. Kf2 Rd7 31. h3 h5 32. Rd1 h4 33. Rd2 Qxe5 34.
fxe5 g5 35. Kf3 Kg6 36. g4 hxg3 37. Kxg3 d3 38. h4 Re7 39. hxg5 Kxg5 40. Bc4
Rxe5 41. Bxf7 Re3+ 42. Kf2 Kf4 43. Bd5 Rh3 44. Bg2 Rh8 45. Bd5 Be4 46. Bxe4
Kxe4 47. b4 Rh2+ 48. Ke1 Rh1+ 49. Kf2 Kd4 50. Kf3 Kc3 0-1